01384cam a22003255a 4500999001700000003000900017005001700026008004100043017001200084020001500096040004300111043001200154082002800166100007600194245008200270264005700352300005000409336002600459337003500485338002900520490007000549590001700619650008300636651001000719653002300729655002400752942003200776952012500808952012500933 c12654d12654EG-ScBUE20210606132154.0090820s1998 ua a f 000 p ara d a97/8156 a9770153389 aEG-ScBUEbaraerdacEG-ScBUEdEG-ScBUE aa-ua---04a892.716bأ ب ن2221 aالأبنودي، عبد الرحمن،‏d1938-2015،eمؤلف.12aالموت على الأسفلت /cعبد الرحمن الأبنودي. 1aالقاهرة :bمكتبة الأسرة،c1998. a96 صفحة :bإيضاحيات ؛c24 سم 2rdacontentaنصbtxt 2rdamediaaبدون وسيطbn 2rdacarrieraمجلدbnc0 aالأعمال الإبداعية.aمكتبة الأسرة adoaa mohamed 798541a‪الشعر العربيzمصرxدواوين و قصائد.2BUEsh 2BUEsh bARALITcAugust2015 vReading book934232 2ddck892.716 أ ب نcBB 00102ddc40708Alef-BaaaMAINbMAINc2NDd2009-08-20ePurchaseo892.716 أ ب نp000018006r2025-07-15 00:00:00yBB 00102ddc40708Alef-BaaaMAINbMAINc2NDd2009-08-20ePurchaseo892.716 أ ب نp000018005r2025-07-15 00:00:00yNB